|
|
|
|
| LEADER |
00000nam a2200000 u 4500 |
| 001 |
PL0063291 |
| 003 |
PLI01000000000000000061519 |
| 005 |
00000000000000.0 |
| 008 |
||| u |
| 020 |
|
|
|a 0-226-31637-8
|
| 020 |
|
|
|a 9780226316376
|
| 090 |
|
|
|a 404.21-Car/1.2.2
|
| 100 |
1 |
|
|a Harley, John B.
|e [ed.]
|
| 245 |
0 |
4 |
|n vol. 2. 2
|a Cartography in the traditional East and Southeast Asian societies
|a The history of cartography
|c ed. by J.B. Harley and David Woodward ; associate ed. Joseph E. Schwartzberg ; ass. ed. Cordell D.K. Yee
|
| 260 |
|
2 |
|a Chicago [etc.]
|b University of Chicago Press
|
| 260 |
|
|
|c 1994
|
| 300 |
|
|
|a XXVII, 970 p., ill, pl.
|
| 650 |
|
4 |
|a Cartography-History
|
| 696 |
|
|
|a Harley, John Brian
|
| 700 |
1 |
|
|a Woodward, David
|e [ed.]
|
| 773 |
0 |
8 |
|w MPIPL_cat.PL0053652
|i In:
|
| 852 |
|
|
|c 404.21-Car/1.2.2
|m BOOK
|
| 980 |
|
2 |
|a Harley, John B.
|e [ed.]
|
| 981 |
|
2 |
|a Woodward, David
|e [ed.]
|
| 984 |
|
2 |
|c J.B. Harley and David Woodward
|
| 989 |
|
|
|a A95-06
|